[Event "Casablanca Mohammed op 4th"]
[Site "Casablanca"]
[Date "2023.08.18"]
[Round "8"]
[White "Sambuev, Bator"]
[Black "Vidyarthi, Vyom"]
[Result "1/2-1/2"]
[WhiteElo "2462"]
[BlackElo "2429"]
[PlyCount "102"]
[EventDate "2023.08.14"]
[EventType "swiss"]
[EventRounds "9"]
[EventCountry "MAR"]
[SourceTitle "CBM 215 Extra"]
[Source "ChessBase"]
[SourceDate "2023.09.30"]
[SourceVersion "1"]
[SourceVersionDate "2023.09.30"]
[SourceQuality "1"]

1. d4 Nf6 2. c4 e6 3. Nc3 Bb4 4. e3 0-0 5. Bd2 b6 6. a3 Bxc3 7. Bxc3 Ne4 8. Qc2 Bb7 9. Nf3 d6 10. Nd2 f5 11. Nxe4 fxe4 12. h4 Nd7 13. g4 c5 14. d5 Qe7 15. 0-0-0 exd5 16. cxd5 Qf7 17. Bb5 Rae8 18. Rh2 a6 19. Bc6 Bxc6 20. dxc6 Ne5 21. Bxe5 Rxe5 22. Rxd6 Rd5 23. Rxd5 Qxd5 24. c7 Rc8 25. f4 exf3 26. Rd2 Qe6 27. Rd8+ Kf7 28. Rxc8 Qxc8 29. Qc4+ Ke7 30. Qe4+ Kd6 31. Qxf3 Kxc7 32. Qf4+ Kc6 33. Qe4+ Kd6 34. Kb1 g6 35. Qf4+ Kc6 36. Qf6+ Kc7 37. Qf4+ Kc6 38. h5 Qe6 39. hxg6 hxg6 40. g5 Kd5 41. Ka1 Qf5 42. Qg3 Ke4 43. Qg1 c4 44. Qb1+ Ke5 45. Qd1 Qd3 46. Qf3 b5 47. Qf6+ Kd5 48. e4+ Kc5 49. Qf2+ Kc6 50. Qf6+ Kc5 51. Qxg6 Qd1+ 1/2-1/2

[Event "Casablanca Mohammed op 4th"]
[Site "Casablanca"]
[Date "2023.08.18"]
[Round "7"]
[White "Vidyarthi, Vyom"]
[Black "Matviishen, Viktor"]
[Result "1/2-1/2"]
[WhiteElo "2429"]
[BlackElo "2550"]
[PlyCount "100"]
[EventDate "2023.08.14"]
[EventType "swiss"]
[EventRounds "9"]
[EventCountry "MAR"]
[SourceTitle "CBM 215 Extra"]
[Source "ChessBase"]
[SourceDate "2023.09.30"]
[SourceVersion "1"]
[SourceVersionDate "2023.09.30"]
[SourceQuality "1"]

1. d4 Nf6 2. c4 e6 3. Nc3 Bb4 4. Qc2 d5 5. cxd5 exd5 6. Bg5 h6 7. Bh4 Nc6 8. e3 g5 9. Bg3 h5 10. Bd3 Qe7 11. Nge2 h4 12. Be5 Nxe5 13. dxe5 Ng4 14. Bf5 0-0 15. 0-0-0 c6 16. Bxg4 Bxg4 17. f3 Bh5 18. f4 Bxc3 19. bxc3 Bg6 20. f5 Bh7 21. g4 Qxe5 22. Nd4 Rfe8 23. Rhe1 Qe4 24. Qf2 f6 25. h3 c5 26. Nb3 b6 27. Qc2 Qe5 28. e4 dxe4 29. Re3 Qf4 30. Rde1 Re7 31. Nd2 Rae8 32. Kb2 Kg7 33. Nxe4 Bg8 34. Qd3 Bf7 35. R3e2 b5 36. Nxc5 Rxe2+ 37. Rxe2 Rxe2+ 38. Qxe2 Qd6 39. Ne6+ Bxe6 40. fxe6 Kf8 41. Qf2 Qxe6 42. Qxa7 Qe2+ 43. Kb3 Qc4+ 44. Kb2 Qd3 45. Qc7 Qe2+ 46. Kb1 Qe7 47. Qb8+ Qe8 48. Qd6+ Kg7 49. Qd3 Qe5 50. Kc2 Qg3 1/2-1/2

[Event "Casablanca Mohammed op 4th"]
[Site "Casablanca"]
[Date "2023.08.15"]
[Round "2"]
[White "Vidyarthi, Vyom"]
[Black "Bintafrit, Sameer"]
[Result "1-0"]
[WhiteElo "2429"]
[BlackElo "2224"]
[PlyCount "77"]
[EventDate "2023.08.14"]
[EventType "swiss"]
[EventRounds "9"]
[EventCountry "MAR"]
[SourceTitle "CBM 215 Extra"]
[Source "ChessBase"]
[SourceDate "2023.09.30"]
[SourceVersion "1"]
[SourceVersionDate "2023.09.30"]
[SourceQuality "1"]

1. d4 e6 2. c4 c5 3. d5 exd5 4. cxd5 d6 5. Nc3 Nf6 6. Nf3 Be7 7. h3 0-0 8. e4 Re8 9. Be2 Bf8 10. Qc2 Na6 11. 0-0 Bd7 12. Bf4 b5 13. e5 Nb4 14. Qd2 dxe5 15. Nxe5 c4 16. b3 Bd6 17. Nxd7 Bxf4 18. Qxf4 Qxd7 19. bxc4 Rac8 20. a3 Nc2 21. Ra2 Nxa3 22. Rxa3 b4 23. Ra6 bxc3 24. Bd3 Qe7 25. Rc1 Qe5 26. Qxe5 Rxe5 27. Rxa7 g6 28. Ra3 Rc5 29. Raxc3 h5 30. R3c2 Re7 31. Rb1 Kg7 32. Rcb2 Rec7 33. Rb7 Ne8 34. Rxc7 Rxc7 35. Rb6 Ra7 36. c5 Ra5 37. d6 Nf6 38. c6 Rd5 39. c7 1-0

[Event "Pontevedra op 11th"]
[Site "Pontevedra"]
[Date "2023.07.25"]
[Round "3"]
[White "Vidyarthi, Vyom"]
[Black "Senthil, Maran K"]
[Result "1-0"]
[WhiteElo "2429"]
[BlackElo "2287"]
[PlyCount "91"]
[EventDate "2023.07.24"]
[EventType "swiss"]
[EventRounds "9"]
[EventCountry "ESP"]
[SourceTitle "CBM 215 Extra"]
[Source "ChessBase"]
[SourceDate "2023.09.30"]
[SourceVersion "1"]
[SourceVersionDate "2023.09.30"]
[SourceQuality "1"]

1. Nf3 d5 2. d4 Nf6 3. c4 e6 4. g3 dxc4 5. Bg2 c6 6. a4 Bb4+ 7. Bd2 Qe7 8. Qc2 0-0 9. Qxc4 Bxd2+ 10. Nbxd2 Nbd7 11. Ne5 c5 12. Nxd7 Nxd7 13. dxc5 Qxc5 14. 0-0 Qxc4 15. Nxc4 Rb8 16. Rfd1 Nc5 17. a5 f6 18. b4 Na6 19. b5 Nc5 20. b6 axb6 21. Nxb6 f5 22. Rac1 Ne4 23. Rc7 e5 24. Re7 Nc3 25. Rd2 e4 26. Rc2 Nb5 27. Rc5 Nd4 28. Rcc7 Rd8 29. Rxg7+ Kf8 30. Rcf7+ Ke8 31. Rg8+ Kxf7 32. Rxd8 Nc6 33. Rxc8 Rxc8 34. Nxc8 Nxa5 35. g4 fxg4 36. Bxe4 Ke6 37. Na7 h5 38. Kg2 Ke5 39. Bg6 h4 40. h3 Kf4 41. e3+ Kg5 42. Bf7 Kf6 43. Bd5 Ke5 44. e4 Kf4 45. hxg4 Kxg4 46. e5 1-0

[Event "Pontevedra op 11th"]
[Site "Pontevedra"]
[Date "2023.07.24"]
[Round "1"]
[White "Vidyarthi, Vyom"]
[Black "Otero Nogueira, Brais"]
[Result "1/2-1/2"]
[WhiteElo "2429"]
[BlackElo "2091"]
[PlyCount "139"]
[EventDate "2023.07.24"]
[EventType "swiss"]
[EventRounds "9"]
[EventCountry "ESP"]
[SourceTitle "CBM 215 Extra"]
[Source "ChessBase"]
[SourceDate "2023.09.30"]
[SourceVersion "1"]
[SourceVersionDate "2023.09.30"]
[SourceQuality "1"]

1. d4 Nf6 2. Nf3 e6 3. c4 Bb4+ 4. Nbd2 0-0 5. a3 Be7 6. e4 d5 7. Bd3 dxe4 8. Nxe4 Nxe4 9. Bxe4 Nd7 10. Bc2 Nf6 11. Qd3 c5 12. Bg5 g6 13. dxc5 Qxd3 14. Bxd3 Rd8 15. Ne5 h6 16. Be3 Nd7 17. Nxd7 Bxd7 18. 0-0-0 Bc6 19. f3 a5 20. Bc2 a4 21. Bxh6 Bxc5 22. h4 Rxd1+ 23. Kxd1 Rd8+ 24. Kc1 f5 25. Bd2 Bd4 26. Rd1 Rc8 27. Bg5 Bb6 28. Bf6 Kf7 29. Bc3 Bd8 30. Rh1 Bf6 31. Kd2 Rd8+ 32. Bd3 Rh8 33. Bxf6 Kxf6 34. Ke3 e5 35. Bc2 Ke6 36. g3 Kd6 37. h5 f4+ 38. gxf4 exf4+ 39. Kxf4 Rf8+ 40. Ke3 Rxf3+ 41. Ke2 gxh5 42. Rxh5 Rf4 43. Kd3 Rg4 44. Kc3 Rg2 45. c5+ Kc7 46. Rh7+ Kb8 47. Rh4 Rg5 48. Kb4 Rg2 49. Rc4 Ka7 50. Kc3 Rg3+ 51. Kd2 Rg2+ 52. Ke3 Bb5 53. Rc3 Ka6 54. Kd4 Rd2+ 55. Ke3 Rg2 56. Kd4 Rd2+ 57. Ke4 Re2+ 58. Kf3 Rd2 59. Kf4 Re2 60. b4 axb3 61. Bxb3 Re1 62. Bd5 Bc6 63. Bc4+ Ka5 64. Bd3 Ka4 65. Bc2+ Ka5 66. Bf5 Ka4 67. Bd3 Ka5 68. Bc2 Rc1 69. Ke3 Ba4 70. Kd2 1/2-1/2

[Event "Mexican op 68th"]
[Site "Mexico City"]
[Date "2023.04.07"]
[Round "6"]
[White "Vidyarthi, Vyom"]
[Black "Bruzon Batista, Lazaro"]
[Result "0-1"]
[WhiteElo "2432"]
[BlackElo "2611"]
[PlyCount "210"]
[EventDate "2023.04.04"]
[EventType "swiss"]
[EventRounds "9"]
[EventCountry "MEX"]
[SourceTitle "CBM 213 Extra"]
[Source "ChessBase"]
[SourceDate "2023.05.31"]
[SourceVersion "1"]
[SourceVersionDate "2023.05.31"]
[SourceQuality "1"]

1. Nf3 Nf6 2. c4 b6 3. Nc3 Bb7 4. e3 e6 5. b3 c5 6. Bb2 Be7 7. Be2 0-0 8. 0-0 d6 9. d4 cxd4 10. Nxd4 a6 11. Bf3 Qc7 12. Bxb7 Qxb7 13. Qf3 Qxf3 14. gxf3 Rc8 15. Rfd1 Nbd7 16. f4 g6 17. Rac1 Rab8 18. a4 Rb7 19. Ba3 Kf8 20. Nde2 Ne8 21. f3 f5 22. e4 Kf7 23. Kf2 Nc5 24. Rb1 Rbc7 25. Ke3 Nf6 26. Nc1 Nh5 27. Bb4 Bf8 28. N1e2 Nb7 29. Ra1 Rb8 30. Ng3 Nf6 31. h4 Nd7 32. h5 Ndc5 33. Rab1 Na5 34. Rh1 Bg7 35. hxg6+ hxg6 36. exf5 gxf5 37. Nh5 Bh8 38. Ng3 Nc6 39. Bxc5 bxc5 40. Nce2 Bg7 41. Nh5 Bd4+ 42. Kd2 Rcb7 43. Kc2 Rg8 44. Nhg3 Rg7 45. Rh6 Rb8 46. Rbh1 Rg6 47. Rh7+ Bg7 48. Nh5 Rg2 49. Nxg7 Rxg7 50. R1h6 Rbg8 51. Kd3 Rxh7 52. Rxh7+ Rg7 53. Rh8 Ke7 54. Ke3 Rg2 55. Rh7+ Kd8 56. Rh8+ Ke7 57. Rh7+ Ke8 58. Rh8+ Kf7 59. Rc8 Nb4 60. Rc7+ Kf6 61. a5 Rh2 62. Kd2 Rh3 63. Ke3 Rh1 64. Rd7 Rd1 65. Ng3 Nc6 66. Nh5+ Kg6 67. Ng7 Nd4 68. Ne8 Rf1 69. Rg7+ Kh6 70. Rg3 Rb1 71. Nxd6 Rxb3+ 72. Kf2 Rb2+ 73. Ke3 Kh5 74. Rh3+ Kg6 75. Rg3+ Kf6 76. Ne8+ Kf7 77. Nc7 Nc2+ 78. Kd3 Nb4+ 79. Ke3 Rh2 80. Rg1 Ra2 81. Rh1 Nc2+ 82. Kd3 Nd4 83. Nxa6 Ra3+ 84. Kd2 Rxa5 85. Nb8 Ra2+ 86. Kd3 Ra3+ 87. Kd2 Nxf3+ 88. Ke2 Nd4+ 89. Kd2 e5 90. fxe5 Nf3+ 91. Ke2 Nxe5 92. Rh7+ Kg6 93. Re7 Ra2+ 94. Ke3 Kf6 95. Rc7 Nxc4+ 96. Kf4 Ne5 97. Nc6 Ra4+ 98. Kg3 f4+ 99. Kh4 f3+ 100. Kg3 Rg4+ 101. Kh2 Rg2+ 102. Kh3 Ng6 103. Rc8 Nf4+ 104. Kh4 Ne6 105. Kh3 Rg1 0-1

[Event "Mexican op 68th"]
[Site "Mexico City"]
[Date "2023.04.06"]
[Round "4"]
[White "Quesada Perez, Luis Ernesto"]
[Black "Vidyarthi, Vyom"]
[Result "0-1"]
[WhiteElo "2562"]
[BlackElo "2432"]
[PlyCount "112"]
[EventDate "2023.04.04"]
[EventType "swiss"]
[EventRounds "9"]
[EventCountry "MEX"]
[SourceTitle "CBM 213 Extra"]
[Source "ChessBase"]
[SourceDate "2023.05.31"]
[SourceVersion "1"]
[SourceVersionDate "2023.05.31"]
[SourceQuality "1"]

1. e4 e5 2. Nf3 Nc6 3. Bb5 a6 4. Ba4 Nf6 5. 0-0 Be7 6. Re1 b5 7. Bb3 d6 8. c3 0-0 9. h3 Nb8 10. d4 Nbd7 11. Nbd2 Bb7 12. Bc2 Re8 13. b3 Bf8 14. Bb2 g6 15. a4 c6 16. Bd3 Qc7 17. Qc2 Bg7 18. Rad1 d5 19. Nxe5 Nxe5 20. dxe5 Nxe4 21. Nxe4 dxe4 22. Bxe4 Bxe5 23. c4 Bxb2 24. Qxb2 Rad8 25. Rxd8 Qxd8 26. Re3 Qd1+ 27. Kh2 Qd6+ 28. Kg1 Qd1+ 29. Kh2 Qd6+ 30. g3 Bc8 31. axb5 axb5 32. cxb5 cxb5 33. b4 Qd7 34. h4 h5 35. Qf6 Re6 36. Qf3 Qd4 37. Rd3 Qxe4 38. Rd8+ Kg7 39. Qxe4 Rxe4 40. Rxc8 Rxb4 41. Rc6 Rb2 42. Kg2 b4 43. Rb6 b3 44. Kf3 Rb1 45. Kf4 f6 46. Rb7+ Kf8 47. Kf3 Ke8 48. Kg2 Kd8 49. Kf3 Kc8 50. Rb6 Kc7 51. Rb4 Kc6 52. Rb8 Kc5 53. Kf4 Kc4 54. Rb6 Rd1 55. Rc6+ Kb5 56. Rc8 Rd6 0-1

[Event "Mexican op 68th"]
[Site "Mexico City"]
[Date "2023.04.06"]
[Round "3"]
[White "Vidyarthi, Vyom"]
[Black "Herrera Amador, Julio Cesar"]
[Result "1-0"]
[WhiteElo "2432"]
[BlackElo "2015"]
[PlyCount "43"]
[EventDate "2023.04.04"]
[EventType "swiss"]
[EventRounds "9"]
[EventCountry "MEX"]
[SourceTitle "CBM 213 Extra"]
[Source "ChessBase"]
[SourceDate "2023.05.31"]
[SourceVersion "1"]
[SourceVersionDate "2023.05.31"]
[SourceQuality "1"]

1. Nf3 Nf6 2. c4 e6 3. e3 c5 4. Nc3 d6 5. d4 cxd4 6. exd4 Be7 7. g3 0-0 8. Bg2 a6 9. 0-0 Qc7 10. Qd3 Nbd7 11. Re1 Re8 12. Bf4 Nf8 13. Rac1 Ng6 14. Bg5 Rd8 15. b4 b6 16. Nh4 Bb7 17. Nxg6 hxg6 18. d5 e5 19. f4 exf4 20. Bxf4 Ng4 21. Na4 Ne5 22. Qe3 1-0

[Event "Basel Christmas op"]
[Site "Basel"]
[Date "2022.12.29"]
[Round "7"]
[White "Vidyarthi, Vyom"]
[Black "Peng, Li Min"]
[Result "0-1"]
[WhiteElo "2402"]
[BlackElo "2511"]
[PlyCount "86"]
[EventDate "2022.12.26"]
[EventType "swiss"]
[EventRounds "9"]
[EventCountry "SUI"]
[SourceTitle "EXT 2024"]
[Source "ChessBase"]
[SourceDate "2023.10.10"]
[SourceVersion "1"]
[SourceVersionDate "2023.10.10"]
[SourceQuality "1"]

1. Nf3 g6 2. c4 Bg7 3. Nc3 e5 4. d4 exd4 5. Nxd4 Ne7 6. e4 Nbc6 7. Be3 0-0 8. Be2 d6 9. 0-0 f5 10. Qd2 Bxd4 11. Bxd4 f4 12. c5 Be6 13. cxd6 Nxd4 14. Qxd4 Nc6 15. Qd2 Qxd6 16. Qxd6 cxd6 17. Rfd1 Rad8 18. Nb5 Rf7 19. b3 Rfd7 20. Nd4 Nxd4 21. Rxd4 Rc8 22. Rad1 Rc2 23. R4d2 Rxd2 24. Rxd2 Kf7 25. g3 fxg3 26. hxg3 Rc7 27. f4 Ke7 28. g4 Rc3 29. Kf2 h6 30. Bf3 b5 31. f5 Bf7 32. Kg3 g5 33. Rh2 a5 34. Rxh6 a4 35. bxa4 bxa4 36. Rh2 Ra3 37. Rb2 Bc4 38. Rb7+ Kf6 39. Kf2 Rxa2+ 40. Ke3 a3 41. Rd7 Rb2 42. Rxd6+ Ke5 43. Rc6 Rb3+ 0-1

[Event "Basel Christmas op"]
[Site "Basel"]
[Date "2022.12.27"]
[Round "3"]
[White "Vidyarthi, Vyom"]
[Black "Li, Dominique"]
[Result "1-0"]
[WhiteElo "2402"]
[BlackElo "2188"]
[PlyCount "75"]
[EventDate "2022.12.26"]
[EventType "swiss"]
[EventRounds "9"]
[EventCountry "SUI"]
[SourceTitle "EXT 2024"]
[Source "ChessBase"]
[SourceDate "2023.10.10"]
[SourceVersion "1"]
[SourceVersionDate "2023.10.10"]
[SourceQuality "1"]

1. Nf3 d5 2. e3 Nf6 3. c4 e6 4. Nc3 c6 5. b3 Bd6 6. Bb2 0-0 7. Be2 Nbd7 8. Qc2 a6 9. d4 b6 10. 0-0 Bb7 11. e4 dxe4 12. Nxe4 Nxe4 13. Qxe4 Nf6 14. Qc2 h6 15. Rad1 Qe7 16. Bd3 c5 17. d5 exd5 18. Rfe1 Qd8 19. cxd5 Rc8 20. Nh4 Ng4 21. Nf5 Bxh2+ 22. Kf1 Qg5 23. Nxg7 Be5 24. Bxe5 Nxe5 25. Nf5 Ng4 26. f3 Nh2+ 27. Kf2 Rce8 28. Be4 Qf4 29. g3 Qg5 30. Qc1 Nxf3 31. Kxf3 Qh5+ 32. Kf2 Rxe4 33. Nxh6+ Kg7 34. Rxe4 Bxd5 35. Rh1 Qg6 36. Rg4 Bxh1 37. Qxh1 Kh8 38. Nf5+ 1-0

[Event "Vandoeuvre op 19th"]
[Site "Vandoeuvre"]
[Date "2022.12.21"]
[Round "8"]
[White "Maurizzi, Marc Andria"]
[Black "Vidyarthi, Vyom"]
[Result "1-0"]
[WhiteElo "2526"]
[BlackElo "2402"]
[PlyCount "85"]
[EventDate "2022.12.18"]
[EventType "swiss"]
[EventRounds "9"]
[EventCountry "FRA"]
[SourceTitle "CBM 211 Extra"]
[Source "ChessBase"]
[SourceDate "2023.01.31"]
[SourceVersion "1"]
[SourceVersionDate "2023.01.31"]
[SourceQuality "1"]

1. d4 Nf6 2. c4 e6 3. Nf3 d5 4. g3 Bb4+ 5. Bd2 Be7 6. Bg2 c6 7. Qc2 0-0 8. 0-0 Nbd7 9. Bf4 Nh5 10. Bc1 b6 11. Nbd2 Bb7 12. e4 Rc8 13. Re1 c5 14. cxd5 cxd4 15. Qd1 Nc5 16. Nb3 exd5 17. e5 g6 18. Nfxd4 Ba6 19. Nxc5 Bxc5 20. Bh6 Re8 21. e6 Nf6 22. Bh3 Bxd4 23. Qxd4 Rc4 24. Qe5 Rc6 25. Rac1 Rcxe6 26. Bxe6 Rxe6 27. Qd4 Qe7 28. Rxe6 Qxe6 29. Qb4 Qe8 30. Re1 Qd8 31. Qd4 Bb5 32. g4 Qd6 33. h3 Bd7 34. b4 Bb5 35. Re5 Qc6 36. Re1 Qd6 37. a3 a6 38. Re3 Bd7 39. Re4 Bc6 40. Re5 Qc7 41. Rxd5 Qe7 42. Rd8+ Be8 43. Qxf6 1-0

[Event "Vandoeuvre op 19th"]
[Site "Vandoeuvre"]
[Date "2022.12.20"]
[Round "5"]
[White "Vidyarthi, Vyom"]
[Black "David, Alberto"]
[Result "0-1"]
[WhiteElo "2402"]
[BlackElo "2518"]
[PlyCount "48"]
[EventDate "2022.12.18"]
[EventType "swiss"]
[EventRounds "9"]
[EventCountry "FRA"]
[SourceTitle "CBM 211 Extra"]
[Source "ChessBase"]
[SourceDate "2023.01.31"]
[SourceVersion "1"]
[SourceVersionDate "2023.01.31"]
[SourceQuality "1"]

1. Nf3 c5 2. e3 d5 3. b3 Nc6 4. Bb2 e6 5. Bb5 Nge7 6. Ne5 Bd7 7. Bxc6 Nxc6 8. f4 Nxe5 9. fxe5 Qh4+ 10. g3 Qe4 11. 0-0 d4 12. Rf4 Qxe5 13. exd4 Qg5 14. Nc3 f5 15. Qe2 Bd6 16. Rf2 0-0-0 17. dxc5 Bc7 18. Raf1 h5 19. Nb5 Bxb5 20. Qxb5 h4 21. c6 Bb6 22. Be5 f4 23. d4 hxg3 24. Rxf4 Rxd4 0-1

[Event "Vandoeuvre op 19th"]
[Site "Vandoeuvre"]
[Date "2022.12.19"]
[Round "4"]
[White "Hamitevici, Vladimir"]
[Black "Vidyarthi, Vyom"]
[Result "1/2-1/2"]
[WhiteElo "2502"]
[BlackElo "2402"]
[PlyCount "81"]
[EventDate "2022.12.18"]
[EventType "swiss"]
[EventRounds "9"]
[EventCountry "FRA"]
[SourceTitle "CBM 211 Extra"]
[Source "ChessBase"]
[SourceDate "2023.01.31"]
[SourceVersion "1"]
[SourceVersionDate "2023.01.31"]
[SourceQuality "1"]

1. c4 e5 2. d3 Nf6 3. a3 g6 4. Nf3 d6 5. b4 Bg7 6. Bb2 Nbd7 7. Nbd2 0-0 8. e3 b6 9. g3 Bb7 10. Bg2 Qe7 11. 0-0 a5 12. e4 axb4 13. axb4 Rxa1 14. Bxa1 Ra8 15. Qb3 Nf8 16. c5 Qe6 17. Qxe6 Nxe6 18. cxd6 cxd6 19. Nc4 Ba6 20. Nfd2 Rd8 21. Rb1 b5 22. Na5 Rc8 23. Ndb3 Bh6 24. d4 Rc2 25. dxe5 dxe5 26. h3 Nd7 27. Rd1 Bc8 28. Bf1 Bf8 29. Bxb5 Bxb4 30. Bxd7 Bxd7 31. Rxd7 Bxa5 32. Nxa5 Rc1+ 33. Kg2 Rxa1 34. Nc6 Nc5 35. Rd8+ Kg7 36. Nxe5 f6 37. Rc8 Nxe4 38. Rc7+ Kg8 39. Rc8+ Kg7 40. Rc7+ Kg8 41. Rc8+ 1/2-1/2

[Event "North American-ch U20"]
[Site "Mexico City"]
[Date "2022.12.06"]
[Round "9"]
[White "Vidyarthi, Vyom"]
[Black "Stearman, Josiah P"]
[Result "1-0"]
[WhiteElo "2402"]
[BlackElo "2386"]
[PlyCount "135"]
[EventDate "2022.12.02"]
[EventType "swiss"]
[EventRounds "9"]
[EventCountry "MEX"]
[SourceTitle "EXT 2024"]
[Source "ChessBase"]
[SourceDate "2023.10.10"]
[SourceVersion "1"]
[SourceVersionDate "2023.10.10"]
[SourceQuality "1"]

1. Nf3 c5 2. e3 Nf6 3. c4 g6 4. d4 cxd4 5. exd4 d5 6. Nc3 Bg7 7. h3 0-0 8. c5 b6 9. cxb6 Qxb6 10. Bd3 Nc6 11. Na4 Qa5+ 12. Bd2 Nb4 13. 0-0 Ne4 14. Be1 Bd7 15. b3 Bb5 16. Nb2 Nc5 17. Bxb4 Qxb4 18. a3 Qa5 19. b4 Nxd3 20. bxa5 Nxb2 21. Qb3 Bxf1 22. Qxb2 Rab8 23. Qd2 Bc4 24. Qf4 a6 25. h4 h5 26. Re1 e6 27. Rc1 Rb2 28. Nd2 Rc8 29. Nxc4 dxc4 30. Qd6 c3 31. Qxa6 Rc7 32. Qd3 Rd2 33. Qg3 c2 34. Qxc7 Rd1+ 35. Kh2 Rxc1 36. Qc3 Bxd4 37. Qd2 Ra1 38. Qxc2 Rxa3 39. a6 Kg7 40. Qe2 e5 41. g3 f5 42. Kg2 Ra4 43. Qb5 Ra2 44. Qd7+ Kh6 45. Qd8 Rxf2+ 46. Kh3 Kg7 47. a7 Bxa7 48. Qe7+ Kh6 49. Qxe5 Kh7 50. Qe7+ Kg8 51. Qxa7 Rb2 52. Qe7 Rc2 53. Qf6 Kh7 54. Qf7+ Kh6 55. Qg8 Rc7 56. Kg2 Rg7 57. Qh8+ Rh7 58. Qf8+ Rg7 59. Kf3 Kh7 60. Kf4 Rg8 61. Qf7+ Rg7 62. Qf6 Ra7 63. Kg5 Rg7 64. Qf8 Ra7 65. Qh6+ Kg8 66. Qxg6+ Rg7 67. Kxf5 Rxg6 68. Kxg6 1-0

[Event "American op 57th"]
[Site "Orange"]
[Date "2022.11.27"]
[Round "8"]
[White "Mikaelyan, Arman"]
[Black "Vidyarthi, Vyom"]
[Result "1/2-1/2"]
[WhiteElo "2556"]
[BlackElo "2402"]
[PlyCount "73"]
[EventDate "2022.11.22"]
[EventType "swiss"]
[EventRounds "9"]
[EventCountry "USA"]
[SourceTitle "EXT 2024"]
[Source "ChessBase"]
[SourceDate "2023.10.10"]
[SourceVersion "1"]
[SourceVersionDate "2023.10.10"]
[SourceQuality "1"]

1. d4 Nf6 2. c4 e6 3. Nf3 d5 4. Nc3 Bb4 5. e3 0-0 6. Bd2 Re8 7. Bd3 c5 8. 0-0 Nc6 9. a3 Bxc3 10. Bxc3 cxd4 11. exd4 dxc4 12. Bxc4 b6 13. Re1 Bb7 14. Qd3 Qd6 15. Rad1 Rad8 16. Ne5 Nxe5 17. dxe5 Qxd3 18. Bxd3 Nd5 19. Bd2 h6 20. Bf1 Re7 21. Rc1 Rc7 22. h4 a6 23. a4 Rdc8 24. Rxc7 Rxc7 25. Bd3 Rd7 26. Be2 Ne7 27. Be3 Nd5 28. Bd2 Ne7 29. Bc3 Nd5 30. Rb1 Rc7 31. Bf1 Nxc3 32. bxc3 b5 33. axb5 axb5 34. Rxb5 Bd5 35. Rb8+ Kh7 36. Bd3+ g6 37. h5 1/2-1/2

[Event "American op 57th"]
[Site "Orange"]
[Date "2022.11.27"]
[Round "9"]
[White "Vidyarthi, Vyom"]
[Black "Torre, Eugenio"]
[Result "1/2-1/2"]
[WhiteElo "2402"]
[BlackElo "2437"]
[PlyCount "213"]
[EventDate "2022.11.22"]
[EventType "swiss"]
[EventRounds "9"]
[EventCountry "USA"]
[SourceTitle "EXT 2024"]
[Source "ChessBase"]
[SourceDate "2023.10.10"]
[SourceVersion "1"]
[SourceVersionDate "2023.10.10"]
[SourceQuality "1"]

1. Nf3 d5 2. e3 c6 3. c4 Nf6 4. Nc3 Bg4 5. Qb3 Qb6 6. Ne5 e6 7. Qxb6 axb6 8. f3 Bf5 9. g4 Bg6 10. h4 Nfd7 11. Nxd7 Nxd7 12. cxd5 exd5 13. h5 Bc2 14. d3 Bb4 15. Bd2 Nc5 16. Rc1 Bxd3 17. h6 g6 18. a3 Bxf1 19. axb4 Bg2 20. bxc5 Bxh1 21. Kf2 Bxf3 22. Kxf3 bxc5 23. Ne2 b6 24. b4 c4 25. Bc3 Rg8 26. e4 dxe4+ 27. Kxe4 0-0-0 28. Nd4 Rge8+ 29. Kf4 Kb7 30. Nf3 f5 31. gxf5 gxf5 32. Ng5 Rd7 33. Bg7 Ree7 34. Rxc4 Rxg7 35. hxg7 Rxg7 36. Kxf5 Rd7 37. Ke6 Rg7 38. Nf7 Ka6 39. Nd6 h5 40. Rxc6 Rg4 41. b5+ Ka5 42. Rc1 h4 43. Rh1 Rg6+ 44. Kd5 Rg5+ 45. Kc6 Rc5+ 46. Kb7 Rd5 47. Ra1+ Kb4 48. Kc6 Rd3 49. Rb1+ Ka4 50. Nc4 Rc3 51. Kd5 Rb3 52. Nxb6+ Kb4 53. Rh1 Kxb5 54. Nd7 Rd3+ 55. Ke6 h3 56. Rb1+ Ka5 57. Ne5 Rg3 58. Rh1 Kb5 59. Kf5 Kc5 60. Kf4 Ra3 61. Nf3 Ra4+ 62. Ke5 Ra3 63. Rxh3 Re3+ 64. Kf4 Re8 65. Ne5 Kd5 66. Rd3+ Ke6 67. Nf3 Rf8+ 68. Ke4 Re8 69. Ng5+ Kf6+ 70. Kf4 Re1 71. Ne4+ Ke6 72. Rd6+ Ke7 73. Ra6 Kd7 74. Ke5 Kc7 75. Kd5 Rd1+ 76. Kc4 Rc1+ 77. Nc3 Kd7 78. Rh6 Ke7 79. Kd4 Kd7 80. Ne2 Rd1+ 81. Kc5 Re1 82. Nd4 Re5+ 83. Kc4 Rg5 84. Nc6 Rg1 85. Kd5 Rd1+ 86. Nd4 Ke7 87. Re6+ Kf7 88. Re2 Kf6 89. Ke4 Ra1 90. Kd5 Rd1 91. Re4 Ra1 92. Rf4+ Kg6 93. Rf2 Ra5+ 94. Kd6 Ra6+ 95. Nc6 Kg5 96. Kd5 Kg4 97. Nd4 Ra8 98. Rf7 Rd8+ 99. Ke5 Re8+ 100. Ne6 Kg3 101. Rf6 Ra8 102. Ke4 Ra6 103. Rf3+ Kg4 104. Rf4+ Kg3 105. Nd4 Ra4 106. Rf8 Kg2 107. Rg8+ 1/2-1/2

[Event "Charlotte CCCSA Summer GM-A"]
[Site "Charlotte"]
[Date "2022.07.28"]
[Round "7"]
[White "Aagaard, Jacob"]
[Black "Vidyarthi, Vyom"]
[Result "1/2-1/2"]
[WhiteElo "2474"]
[BlackElo "2391"]
[PlyCount "61"]
[EventDate "2022.07.24"]
[EventType "tourn"]
[EventRounds "9"]
[EventCountry "USA"]
[EventCategory "7"]
[SourceTitle "CBM 209 Extra"]
[Source "ChessBase"]
[SourceDate "2022.09.30"]
[SourceVersion "1"]
[SourceVersionDate "2022.09.30"]
[SourceQuality "1"]

1. Nf3 d5 2. g3 Nf6 3. Bg2 c6 4. c4 g6 5. Qa4 Nbd7 6. cxd5 cxd5 7. 0-0 Bg7 8. d4 0-0 9. Nc3 Nb6 10. Qb3 Ne4 11. a4 Nxc3 12. Qxc3 Bf5 13. b3 Nc8 14. Bf4 Nd6 15. Rfc1 a5 16. e3 Qb6 17. Qb2 Rac8 18. Ne5 Bxe5 19. Bxe5 Nc4 20. Qa2 Nxe5 21. dxe5 Rc5 22. Rxc5 Qxc5 23. Qd2 Be6 24. Rd1 Rd8 25. h4 Qc7 26. Qd4 h5 27. e4 Qc2 28. exd5 Qxb3 29. Rd3 Qb1+ 30. Rd1 Qb4 31. Qxb4 1/2-1/2

[Event "Pan American-ch U18"]
[Site "Montevideo"]
[Date "2022.06.27"]
[Round "2"]
[White "Varillas Jimenes, Ivan"]
[Black "Vidyarthi, Vyom"]
[Result "0-1"]
[WhiteElo "1979"]
[BlackElo "2391"]
[PlyCount "160"]
[EventDate "2022.06.26"]
[EventType "swiss"]
[EventRounds "9"]
[EventCountry "URU"]
[SourceTitle "EXT 2023"]
[Source "ChessBase"]
[SourceDate "2022.10.05"]
[SourceVersion "1"]
[SourceVersionDate "2022.10.05"]
[SourceQuality "1"]

1. e4 e5 2. Nf3 Nc6 3. Bc4 Nf6 4. Qe2 Be7 5. h3 0-0 6. Nc3 Nd4 7. Nxd4 exd4 8. Nd5 Re8 9. d3 Nxd5 10. Bxd5 c6 11. Bb3 Bb4+ 12. Bd2 Bxd2+ 13. Qxd2 d5 14. f3 a5 15. a4 Be6 16. Qf4 dxe4 17. Bxe6 Rxe6 18. fxe4 Rf6 19. Qd2 Qc7 20. Rf1 Qg3+ 21. Rf2 Re8 22. Kf1 Qh2 23. Rxf6 Qh1+ 24. Kf2 Qxa1 25. Rf5 Qxb2 26. Rxa5 g6 27. Rc5 Re6 28. Kg3 Qa3 29. Rc4 Rxe4 30. Qb4 Re3+ 31. Kh2 Qxb4 32. Rxb4 Re2 33. Rxb7 Rxc2 34. a5 Ra2 35. Rb4 Rxa5 36. Rxd4 Rd5 37. Rc4 c5 38. Kg1 Kg7 39. Kf2 Kf6 40. Ke3 Ke6 41. Ra4 Rg5 42. Kf3 Kd5 43. Rc4 Rf5+ 44. Ke2 Re5+ 45. Kf2 Rf5+ 46. Ke2 Rf6 47. Ra4 Re6+ 48. Kf2 Re7 49. Kf3 Rb7 50. Ke3 Rb2 51. g3 Rb7 52. h4 f5 53. Rc4 Rb4 54. Rc2 Rg4 55. Kf3 Rd4 56. Ke3 h6 57. Rf2 Rg4 58. Kf3 h5 59. Rh2 Kd4 60. Rc2 f4 61. gxf4 Rxh4 62. Kg3 Rh1 63. Rc4+ Kd5 64. Kf3 Rh3+ 65. Ke2 h4 66. Re4 Kd6 67. Re8 Rg3 68. Rh8 h3 69. Rh6 Kd5 70. Kf2 Rxd3 71. Rxg6 c4 72. f5 c3 73. f6 c2 74. f7 c1Q 75. Rd6+ Kxd6 76. f8Q+ Kc7 77. Qe7+ Rd7 78. Qe5+ Kb7 79. Qb5+ Kc8 80. Qa6+ Rb7 0-1